000
00314nam a22001457a 4500
008
210311b ||||| |||| 00| 0 eng d
020
_a
9780805391916
041
_a
eng
080
_2
10th
_a
53
082
_a
53
100
_a
43
101
_a
FIZ
245
_a
Conceptual Physics
_c
Hewitt, P. G
942
_2
udc
_c
BK
999
_c
56429
_d
56429